000
00242 a2200109 4500
001
51035
040
_c
Anchieta - Pituba
240
1
0
_a
Literomania 2001
_l
245
1
0
_a
Literomania 2001
650
4
_a
LĂnguas espanhola e portuguesa
942
_c
MX
999
_c
51035
_d
51035